Are you a real cinephile? - Statistics

General Stats
  • This quiz has been taken 3 times
  • The average score is 9 of 16
Answer Stats
Picture Answer % Correct
City Of God
100%
In The Mood For Love
100%
Rear Window
100%
The Elephant Man
100%
Memories Of Murder
67%
The Holdovers
67%
The Piano Teacher
67%
A woman Is a Woman
33%
City Lights
33%
Come And See
33%
Harakiri
33%
Incendies
33%
Mommy
33%
Naked
33%
Perfect Blue
33%
Sunrise
33%
No matching quizzes found
Score Distribution
Percent of People with Each Score
Percentile by Number Answered
Your Score History
You have not taken this quiz